Transferencia de calor / J. P. Holman (Registro nro. 12413)
[ vista simple ]
| 000 -LÍDER | |
|---|---|
| fixed length control field | 00502nam a2200169 4500 |
| 008 - ELEMENTOS DE LONGITUD FIJA -- INFORMACIÓN GENERAL | |
| fixed length control field | 0 1998 0ant 000 0ESP |
| 020 ## - NÚMERO INTERNACIONAL NORMALIZADO PARA LIBROS | |
| ISBN | 84-481-2040-X |
| 050 ## - SIGNATURA TOPOGRAFICA DE LA BIBLIOTECA DEL CONGRESO (LC) | |
| Número de Clasificación | QC320 H64 1998 |
| 082 ## - NUMERO DE CLASIFICACION DECIMAL DEWEY | |
| Número de Clasificación | 536.2 H843t |
| 100 ## - ASIENTO PRINCIPAL--NOMBRE PERSONAL | |
| Nombre personal | Holman, J.P. |
| 245 ## - TÍTULO | |
| Título | Transferencia de calor / J. P. Holman |
| 250 ## - MENCIÓN DE EDICIÓN | |
| Mención de edición | 8a. en ingl‚s / primera edición en español. |
| 260 ## - PUBLICACIÓN, DISTRIBUCIÓN, ETC. (PIE DE IMPRENTA) | |
| Lugar de publicación, distribución, etc. | Madrid, España : McGraw Hill |
| 300 ## - DESCRIPCIÓN FÍSICA | |
| Extensión | 484 p. / 20 cm. |
| 500 ## - NOTA GENERAL | |
| Nota general | Incluye diskette |
| 650 ## - ASIENTO SECUNDARIO DE MATERIA - TERMINO TEMÁTICO | |
| Término temático o nombre geográfico como elemento de entrada | 1.TRANSFERENCIA DE CALOR |
| No. biblioteca | No. biblioteca | Número de clasificación | Código de barras/Número de adquisición | Número de copia | Tipo de material |
|---|---|---|---|---|---|
| LUIS G. INCLAN | LUIS G. INCLAN | 536.2 H843t | 33548 | 1 | Libros |
| LUIS G. INCLAN | LUIS G. INCLAN | 536.2 H843t | 36976 | 2 | Libros |
| LUIS G. INCLAN | LUIS G. INCLAN | 536.2 H843t | 42165 | 3 | Libros |
| LUIS G. INCLAN | LUIS G. INCLAN | 536.2 H843t | 44691 | 4 | Libros |
